[Event "GER-ch Schools U18 Girls"]
[Site "Germany"]
[Date "2009.05.17"]
[Round "6.4"]
[White "Gold, Lisa"]
[Black "Nguyen, Michelle"]
[Result "1-0"]
[WhiteElo "800"]
[BlackElo "800"]
[PlyCount "81"]
[EventDate "2009.05.16"]
[EventType "team-swiss"]
[EventRounds "7"]
[EventCountry "GER"]
[SourceTitle "EXT 2011"]
[Source "ChessBase"]
[SourceDate "2010.11.26"]
[SourceVersion "1"]
[SourceVersionDate "2010.11.26"]
[SourceQuality "1"]
[WhiteTeam "Neubrandenburg (W)"]
[BlackTeam "Mallinckrodt Do (W)"]
[WhiteTeamCountry "GER"]
[BlackTeamCountry "GER"]

1. e4 e5 2. Nf3 Nc6 3. Bc4 Nf6 4. d3 Bb4+ 5. c3 Ba5 6. 0-0 0-0 7. b4 Bb6 8. Bg5 h6 9. Bh4 d6 10. d4 exd4 11. cxd4 Re8 12. Nc3 Bg4 13. Qd3 Nxb4 14. Qd2 c5 15. h3 Bh5 16. a3 Nc6 17. Bb5 Bxf3 18. gxf3 Re6 19. d5 Re5 20. dxc6 bxc6 21. Bxc6 Rc8 22. Bb5 g5 23. Bg3 Re6 24. Bc4 Re7 25. Nd5 Nxd5 26. exd5 Ba5 27. Qd3 Qb6 28. Rab1 Qc7 29. Rfe1 Rce8 30. Re4 Qd7 31. Kg2 Bb6 32. Bb5 Qd8 33. Bxe8 Qxe8 34. Rbe1 Ba5 35. Rxe7 Qxe7 36. Rxe7 Kf8 37. Bxd6 Bd8 38. Rd7+ Ke8 39. Rxa7 g4 40. Qe4+ Be7 41. Qxe7# 1-0